000 00377cam a2200157ua 4500
041 _aeng
_h
082 _a823.308
_bSCO/SN
100 _aScott, J M .
245 _aSnow stone /
_cJ M Scott.
_hTextual Documents
250 _a1 /
_b.
260 _aLondon :
_bUniversity of London Press Ltd ,
_c1950.
300 _a190 ; .
504 _a
942 _cBK
999 _c7822
_d7822